00504 2200181 4500001002100000005001500021035002000036245007900056100001600135250001700151300003200168260003500200082001100235084001800246020002200264650001000286500002600296INLIS00000000000062620240826081742 a0010-08240001441 aAurelia Si Ubur-Ubur :bKumpulan Cerita Hewan di Dasar Laut /cAndreko Zul0 aAndreko Zul acetakan ke-1 aiv, 59 hlm :bIlus ;c21 cm aJakarta :bGaneca Exact,c2007 a398.24 a398.24 AND a a978-979-571-413-2 4aFabel aSeri Bahasa Indonesia